| 000 | 00382 a2200133 4500 | ||
|---|---|---|---|
| 999 |
_c323003 _d323003 |
||
| 001 | 87930 | ||
| 003 | NUST | ||
| 082 | _a022.3 COH | ||
| 100 |
_aAaron Cohen; Elaine Cohen _99758 |
||
| 245 |
_aDesigning and Space Planning for Libraries; a behavioral guide _cAaron Cohen; Elaine Cohen _hEnglish |
||
| 250 | _a1st | ||
| 260 |
_aLondon _bR.R. Bowker _c1979 |
||
| 300 | _a250p. | ||
| 942 |
_aCAE NUST _cBK _k022.3 COH _2ddc |
||